000 00305nam a22001337a 4500
008 170607b xxu||||| |||| 00| 0 eng d
020 _a087967752
041 _aeng
080 _a327
100 _a18
101 _aSHP
245 _aINTERNATIONAL POLITICS ON THE WORLD
_cROURKE.J.T
942 _2udc
_cBK
999 _c16319
_d16319